000 00315nam a2200133Ia 4500
008 191201s2008 xx 000 0 und d
082 _a658.16
_bADG
100 _aADHIKARY, Manab
245 0 _aGlobal Business Management
260 _aN.Delhi
_bMac Millan
_c2008
300 _a450
650 _aMBA
942 _2ddc
_cBK
999 _c2883
_d2883